Ako nebyť šikanovaný

Bibliographic Details
Main Author: Jaššová, Eva, 1954-2014 (Author)
Format: Book
Language:Slovak
PhysicalDescription:92 s. 21 cm
Published: Bratislava Ministerstvo obrany SR 1998
ISBN:8088842158
Subjects:

MARC

LEADER 00000nam a2200000 a 4500
001 vtls001395712
003 SK-MaSNL
005 20260301161726.0
008 240316s1998 xo a r y slo
015 |a SNBA2000/11-03738 
020 |a 8088842158 
035 |a SNK000350078 
035 |a urn:nbn:sk:snk-amkloh 
035 |a urn:nbn:sk:snk-am008ics 
035 |a 8732A753-E7D3-4672-A731-4FE93FC1D5DD 
040 |a SNK  |b slo  |c SNK  |e AACR2 
041 0 |a slo 
044 |a xo  |c SK 
080 |a 355:613.86:159.913(035)  |2 1981 
080 |a 613.86:159.913:355(035)  |2 1981 
100 1 |a Jaššová, Eva,  |d 1954-2014  |4 aut  |9 100251 
245 1 0 |a Ako nebyť šikanovaný  |c Eva Jaššová 
260 |a Bratislava  |b Ministerstvo obrany SR  |c 1998 
300 |a 92 s.  |c 21 cm 
504 |a Bibliogr. s. 87-90 
650 0 7 |a armáda  |2 SNKPH  |9 1643 
650 0 7 |a interpersonálne vzťahy  |2 SNKPH  |9 3770 
650 0 7 |a šikanovanie  |2 SNKPH  |9 14958 
655 7 |a príručky  |2 SNKPH  |9 74364 
919 |a 80-88842-15-8 
958 |a OND 
958 |a TL 
958 |a NB 
999 |c 810577  |d 812507 
952 |t P60, <04>, [BOOK], {604}  |a SNK  |b SNK  |y VYP  |7 0  |p 17A0251060  |o snkSC 102602 D1  |i snkKSP 9209/2000  |0 0  |1 0  |4 0  |d 2000-09-11  |l 0  |r 2005-01-02 00:00:00  |w 2026-02-24 
952 |t P60, <03>, [BOOK], {603}  |a SNK  |b SNK  |y PREZ  |7 0  |p 17A0251059  |o snkSC 102602  |i snkKSP 9208/2000  |0 0  |1 0  |4 0  |d 2000-09-11  |f 1  |l 0  |r 2025-09-24 00:00:00  |w 2026-02-24